Tesco rozširuje online služby

Britská spoločnosť Tesco Stores je najväčším zahraničným maloobchodným reťazcom na našom trhu. Jeho ďalšia expanzia na Slovensku.

Na minha lista:
Detalhes bibliográficos
Autor principal: Hinková, Andrea
Formato: Capítulo de Livro
Idioma:eslovaco
Assuntos:
Tags: Adicionar Tag
Sem tags, seja o primeiro a adicionar uma tag!

MARC

LEADER 00000naa a2200000 4500
001 0168777
005 20231109070709.4
041 0 |a slo 
044 |a SK 
245 1 0 |a Tesco rozširuje online služby  |c Andrea Hinková 
520 |a Britská spoločnosť Tesco Stores je najväčším zahraničným maloobchodným reťazcom na našom trhu. Jeho ďalšia expanzia na Slovensku. 
610 2 0 |a reťazce obchodné 
610 2 0 |a maloobchod 
610 2 0 |a Slovensko 
100 1 |a Hinková, Andrea